Türkçe sözlük (Record no. 3183)

MARC details
000 -BAŞLIK
Sabit Uzunlukta Kontrol Alanı 00691na a2200253 4500
001 - KONTROL NUMARASI
Denetim Alanı 14471
003 - KONTROL NUMARASI IDENTIFIER
Denetim Alanı MIRAKIL
005 - SON İŞLEM TARİHİ VE ZAMANI
Denetim Alanı 20181213154923.0
008 - SABİT-BOY VERİ ELEMANLARI - GENEL BİLGİLER
Sabit Uzunlukta Kontrol Alanı 160828b tu 000 0
020 ## - ULUSLARARASI STANDART KİTAP NUMARASI
Uluslararası Standart Kitap Numarası 9751600707
035 ## - SİSTEM KONTROL NUMARASI
Sistem Kontrol Numarası 14471
040 ## - KATALOGLAMA KAYNAK
Orijinal Kataloglama Ajansı Milas
Kataloglama Dili tur
Metne Dönüştürmek Ajansı TR-AnCHP
082 ## - DEWEY ONLU SINIFLANDIRMA NUMARASI
Sınıflandırma Numarası DAN 413
Ürün Numarası T96t 2005
090 ## - SINIFLAMA NUMARASI
Sınıflama Numarası DAN 413 T96t 2005
110 ## - ANA GİRİŞ - KURUMSAL ADI
Giriş Elemanı Olarak Kurumsal Ad Veya Yargı Alanı Adı Türk Dil Kurumu
245 ## - BAŞLIK TABLOSU
Başlık Türkçe sözlük
Sorumluluk Tablosu, Vb Türk Dil Kurumu
250 ## - EDITION TABLOSU
Baskı Beyanı 10. bs.
260 ## - YAYIN, DAĞITIM, VB
Yayın, Dağıtım, Vb Yeri Ankara
Yayıncı, Dağıtıcı, Vs Adı Türk Dil Kurumu
Yayın, Dağıtım, Vb Tarihi 2005
300 ## - FİZİKSEL TANIM
Kapsam xix, 2244 s.
Diğer Fiziksel Ayrıntıları portre; el yzs.
Boyutlar 25 sm.
490 ## - SERİSİ TABLOSU
Seri Beyanı Türk Dil Kurumu yayınları
Hacim / Ardışık Tanımı 549
650 ## - KONU KATMA GİRİŞ - TOPİKAL DÖNEM
Topikal Süreli Veya Coğrafi Ad Giriş Elemanı Türk dili
Genel Alt Bölümü Sözlükler
650 ## - KONU KATMA GİRİŞ - TOPİKAL DÖNEM
Topikal Süreli Veya Coğrafi Ad Giriş Elemanı Türkçe
Genel Alt Bölümü Sözlükler
942 ## - EKLENDİ GİRİŞ ELEMANLARI (KOHA)
Sınıflandırma Veya Raf Düzeni Kaynak Dewey Decimal Classification
Koha Öğesi Türü Books
999 ## - SİSTEM KONTROL NUMARALARI (KOHA)
Koha Biblionumber 3183
Koha Biblioitemnumber 3183
Holdings
Kalıcı Konum Mevcut Konum Edinme Tarihi Edinim Kaynak Toplam Check-Out'Lar Tam Çağrı Numarası Barkod Tarih Son Görülme İtibaren Geçerli Fiyatlar Koha Öğesi Türü
CHP Kütüphanesi CHP Kütüphanesi 08/28/2016 Bağış   DAN 413 T96t 2005 002464 08/28/2016 08/28/2016 Books